Buddhist Nuns in Taiwan and Sri Lanka (Record no. 1101380)

MARC details
000 -LEADER
fixed length control field 00949nam a2200301Ia 4500
003 - CONTROL NUMBER IDENTIFIER
control field OSt
005 - DATE AND TIME OF LATEST TRANSACTION
control field 20221006153752.0
008 - FIXED-LENGTH DATA ELEMENTS--GENERAL INFORMATION
fixed length control field 221006b |||||||| |||| 00| 0 eng d
020 ## - INTERNATIONAL STANDARD BOOK NUMBER
International Standard Book Number 9780415390422
037 ## - SOURCE OF ACQUISITION
Terms of availability Annuals, Advances
040 ## - CATALOGING SOURCE
Original cataloging agency EASL
Transcribing agency EASL
Language of cataloging eng
041 ## - LANGUAGE CODE
Source of code eng
Language code of text/sound track or separate title eng
100 ## - MAIN ENTRY--PERSONAL NAME
Personal name CHENG Wei-Yi
9 (RLIN) 665373
245 #0 - TITLE STATEMENT
Title Buddhist Nuns in Taiwan and Sri Lanka
Remainder of title A critique of the feminist perspective
260 ## - PUBLICATION, DISTRIBUTION, ETC.
Place of publication, distribution, etc. London
Name of publisher, distributor, etc. Routledge
Date of publication, distribution, etc. 2007
300 ## - PHYSICAL DESCRIPTION
Extent x,226p.
Dimensions cm.
490 ## - SERIES STATEMENT
Volume/sequential designation Gen
Series statement Routledge Critical Studies in Buddhism
650 ## - SUBJECT ADDED ENTRY--TOPICAL TERM
Topical term or geographic name entry element Buddhist nuns -Sri Lanka
9 (RLIN) 665374
650 ## - SUBJECT ADDED ENTRY--TOPICAL TERM
Topical term or geographic name entry element Gen
650 ## - SUBJECT ADDED ENTRY--TOPICAL TERM
Topical term or geographic name entry element Women in Buddism -Taiwan
9 (RLIN) 665375
650 ## - SUBJECT ADDED ENTRY--TOPICAL TERM
Topical term or geographic name entry element Buddhist nuns -Taiwan
9 (RLIN) 665376
942 ## - ADDED ENTRY ELEMENTS (KOHA)
Classification part Q4:6815.42950j4498, P7
Koha item type Reference
Source of classification or shelving scheme Colon Classification (CC)
Holdings
Withdrawn status Lost status Source of classification or shelving scheme Damaged status Not for loan Home library Current library Date acquired Serial Enumeration / chronology Total Checkouts Full call number Barcode Date last seen Price effective from Koha item type
    Colon Classification (CC)     Department of East Asian Studies Library Department of East Asian Studies Library 2022-10-06 Gen   Q4:6815.42950j4498 P7 EA1393939 2022-10-06 2022-10-06 Reference
Copyright @ Delhi University Library System